|
|
|
|
| LEADER |
00000cam a2200000 a 4500 |
| 001 |
vtls001292937 |
| 003 |
SK-MaSNL |
| 005 |
20260301004642.0 |
| 008 |
970701s1762 xo 0 lat |
| 015 |
|
|
|a SNBHFA
|
| 035 |
|
|
|a SNK000244689
|
| 040 |
|
|
|a SNK
|b slo
|c SNK
|e AACR2
|
| 041 |
0 |
|
|a lat
|
| 044 |
|
|
|a xo
|c SK
|
| 072 |
|
7 |
|a 2-1
|x Prirodzená teológia. Náboženská filozofia
|2 konspekt
|
| 080 |
|
|
|a 2-1
|2 2011
|
| 100 |
1 |
|
|a Pintér, Jozef,
|d 1717-1780
|4 aut
|9 181633
|
| 245 |
1 |
0 |
|a Assertiones Theologicae De Augustissimo Verbi Incarnati Mysterio
|b Ac De Angelis, Beatitudine, Et Actibus Humanis, Quas In Alma, Ac Celeberrima Archi-Episcopali Societatis Jesu Universitate Tyrnaviensi Anno Salutis M. DCC. LXII. Mense Martio die
|c publice propugnavit Rev. Praenob. Excellens, Ac Doctiss. Dominus Josephus Lörincz, AA. LL. & Philosophiae Magister, Sacro-Sanctae Theologiae in tertium Annum Auditor, Sem. Gen. Cleri Regni Hung. Alumnus Dioecesis Agriensis ; Ex Praelectionibus R. P. Josephi Pintér, e S. J. Sacro-Sanctae Theol. Doctoris, ejusdemque Professoris Ordin. nec non Inclytae Facult. Theol. Decani Spectabilis. Et R. P. Andreae Jaszlinszky, ex ead. Soc. Jesu, SS. Theolog. Doctoris, ejusdemque Professoris Ordinarii
|
| 260 |
|
|
|a [Trnava]
|b [Akademická tlačiareň]
|c 1762
|
| 300 |
|
|
|a [8] s.
|c 17 cm
|
| 500 |
|
|
|a Ozdobná linka. Kustody
|
| 501 |
|
|
|a Prív. 1. k: CATECHISMUS Ex Decreto SS. Concilii Tridentini. Tyrnaviae : Typis Academici Societatis Jesu, 1761.
|5 SNK SD 10953/3/prív.1
|
| 650 |
0 |
7 |
|a teológia
|2 SNKPH
|9 1814
|
| 655 |
|
7 |
|a promočné tlače
|2 SNKPH
|9 73127
|
| 700 |
1 |
|
|a Jaslinský, Andrej,
|d 1715-1784
|4 aut
|9 166757
|
| 700 |
1 |
|
|a Lörincz, Josephus
|4 dis
|9 287793
|
| 710 |
2 |
|
|a Akademická tlačiareň (Trnava, Slovensko)
|4 prt
|9 232890
|
| 752 |
|
|
|a Slovensko
|d Trnava
|
| 852 |
|
|
|a snk
|p SD 10953/3/prív.1
|
| 958 |
|
|
|a DD
|
| 958 |
|
|
|a ONDV
|
| 999 |
|
|
|c 542730
|d 544660
|
| 952 |
|
|
|a SNK
|b SNK
|y PREZ
|7 0
|p 17A1484443
|o snkSD 10953/3/prív.1
|i snkKSF 208/56
|8 5
|0 0
|1 0
|4 0
|d 2022-03-16
|l 0
|r 2025-11-25 00:00:00
|w 2026-02-23
|
| 952 |
|
|
|a SNK
|b SNK
|y PREZ
|7 0
|p 17A1484444
|o snkSD 10953/3/prív.1 D1
|i snkF 2120/67
|8 5
|0 0
|1 0
|4 0
|d 2022-03-16
|l 0
|r 2026-02-23 12:45:23
|w 2026-02-23
|